000 00304nam a2200121Ia 4500
008 190216s9999||||xx |||||||||||||| ||und||
100 _aAlexander V T
245 0 _aElements Of Probability And Statistics
260 _bPrentice Hall India
_c1967
300 _a211p
650 _aMathematics
942 _cBK
999 _c30524
_d30524